Footprints in the snow / (Record no. 2227)

MARC details
000 -LEADER
fixed length control field 01056cam a2200313 a 4500
005 - DATE AND TIME OF LATEST TRANSACTION
control field 20250821142803.0
020 ## - INTERNATIONAL STANDARD BOOK NUMBER
International Standard Book Number 0590466631
020 ## - INTERNATIONAL STANDARD BOOK NUMBER
International Standard Book Number 9780590466639
040 ## - CATALOGING SOURCE
Original cataloging agency DLC
Transcribing agency DLC
Modifying agency DLC
Language of cataloging eng
050 00 - LIBRARY OF CONGRESS CALL NUMBER
Classification number PZ10.3.B437
Item number Fo 1994
082 00 - DEWEY DECIMAL CLASSIFICATION NUMBER
Classification number 036
Edition number 20
100 1# - MAIN ENTRY--PERSONAL NAME
Personal name Benjamin, Cynthia
245 10 - TITLE STATEMENT
Title Footprints in the snow /
Statement of responsibility, etc. by Cynthia Benjamin ; illustrated by Jacqueline Rogers.
250 ## - EDITION STATEMENT
Edition statement First Scholastic printing, December 1994
260 ## - PUBLICATION, DISTRIBUTION, ETC.
Place of publication, distribution, etc. New York :
Name of publisher, distributor, etc. Scholastic,
Date of publication, distribution, etc. 1994
300 ## - PHYSICAL DESCRIPTION
Extent 29 unnumbered pages :
Other physical details illustrations
Dimensions 23 cm
505 ## - FORMATTED CONTENTS NOTE
Formatted contents note B
520 ## - SUMMARY, ETC.
Summary, etc. Pictures and simple text depict forest animals' tracks in the snow as they rush to their homes during a winter storm.
521 0# - TARGET AUDIENCE NOTE
Target audience note 20
Source Lexile
521 2# - TARGET AUDIENCE NOTE
Target audience note B
Source Raz-Plus
650 #1 - SUBJECT ADDED ENTRY--TOPICAL TERM
Topical term or geographic name entry element Animal tracks
Form subdivision Fiction.
650 #1 - SUBJECT ADDED ENTRY--TOPICAL TERM
Topical term or geographic name entry element Animals
General subdivision Habitations
Form subdivision Fiction.
650 #1 - SUBJECT ADDED ENTRY--TOPICAL TERM
Topical term or geographic name entry element Forest animals
Form subdivision Fiction.
650 #1 - SUBJECT ADDED ENTRY--TOPICAL TERM
Topical term or geographic name entry element Winter
Form subdivision Fiction.
700 1# - ADDED ENTRY--PERSONAL NAME
Personal name Rogers, Jacqueline
Dates associated with a name 1958-
Relator term illustrator
906 ## - LOCAL DATA ELEMENT F, LDF (RLIN)
a 7
b cbc
c orignew
d 1
e ocip
f 19
g y-gencatlg
942 ## - ADDED ENTRY ELEMENTS (KOHA)
Source of classification or shelving scheme Dewey Decimal Classification
Koha item type Books
Suppress in OPAC No
999 ## -
-- 2227
-- 2227
Holdings
Withdrawn status Lost status Source of classification or shelving scheme Damaged status Not for loan Collection Home library Current library Shelving location Date acquired Total Checkouts Full call number Barcode Date last seen Date last checked out Price effective from Koha item type Copy number
    Dewey Decimal Classification     Juvenile Fiction Footprints International School Library Network Toul Kork Campus Footprints International School Library Network Toul Kork Campus TK Primary Library Room(4th Floor), Bookcase 7, Shelves 57-60, Dark Green Books 11/13/2023 2 BEN 036 PZ10.3.B437 FISBK02500 03/25/2026 12/10/2025 11/13/2023 Books  
    Dewey Decimal Classification     Juvenile Fiction Footprints International School Library Network Toul Tom Poung Campus Footprints International School Library Network Toul Tom Poung Campus TTP Primary Green Bookshelves 08/21/2025 1 BEN 036 PZ10.3.B437 FISBK02602 01/16/2026 12/12/2025 08/21/2025 Books 2